Países com Mais Florestas - Statistics

Estatísticas Gerais
  • Esse quiz foi jogado 11 050 vezes
    10 361 desde o último reset
  • A pontuação média é 14 de 20
Estatísticas das Respostas
km2 País % Correto
4,970,000 Brasil
100%
3,100,000 Estados Unidos
97%
8,150,000 Rússia
96%
3,470,000 Canadá
95%
2,200,000 China
94%
1,340,000 Austrália
83%
286,000 Argentina
82%
591,000 Colômbia
82%
657,000 México
82%
722,000 Índia
81%
723,000 Peru
76%
462,000 Venezuela
75%
508,000 Bolívia
69%
1,260,000 RD Congo
61%
921,000 Indonésia
60%
666,000 Angola
42%
457,000 Tanzânia
32%
367,000 Moçambique
31%
448,000 Zâmbia
24%
359,000 Papua Nova Guiné
20%
Nenhum quiz correspondente encontrado
Distribuição das Pontuações
Porcentagem de Pessoas com Cada Pontuação
Percentil de Números Respondidos
Sua Pontuação Histórica
Você não jogou esse quiz desde o último reset